000 00687cam a22002413a 4500
001 14549
003 PGUSA
005 20140828083318.0
008 050101s2005||||xxu|||||s|||||000 | eng d
040 _aPGUSA
_beng
042 _adc
050 4 _aPR
100 1 _aFletcher, John,
_d1579-1625
245 1 0 _aRule a Wife, and Have a Wife :
_bBeaumont and Fletcher's Works (3 of 10)
_h[electronic resource] /
_cJohn Fletcher
260 _bProject Gutenberg,
_c2005
506 _aPublic domain in the USA.
516 _aElectronic text
653 _aDrama
653 _aComedies
830 0 _aProject Gutenberg
_v14549
856 4 0 _uhttp://www.gutenberg.org/ebooks/14549
942 _cEB
999 _c243804
_d243804